| 000 | 00449cam a2200181ua 4500 | ||
|---|---|---|---|
| 020 | _c15.00 | ||
| 041 |
_ahin _h |
||
| 082 |
_a891.54 _bHIR/RA |
||
| 100 | _aHiralal, Maheswari . | ||
| 245 |
_aRajasthani bhasha aur sahithya / _cHiralal maheswari. _hTextual Documents |
||
| 250 |
_a1 / _b. |
||
| 260 |
_a : _bAthunik pusthak bhavan , _c1960. |
||
| 300 | _a417 ; . | ||
| 365 | _a15.00 | ||
| 504 | _a | ||
| 942 | _cBK | ||
| 999 |
_c8399 _d8399 |
||